Statistics for Unisex names

Click here to take the quiz!

General Stats

  • This quiz has been taken 163 times
    (72 since last reset)
  • The average score is 18 of 93

Answer Stats

HintAnswer% Correct
AAlex
78%
SSam
66%
DDan
53%
CCharlie
49%
TTaylor
49%
AAsh
47%
RRiley
44%
CChris
41%
QQuinn
41%
JJoe
37%
JJordan
37%
BBobby
36%
JJack
36%
OOli
32%
BBillie
31%
FFrankie
31%
CCameron
29%
FFrancis
29%
RRon
29%
AAvery
27%
GGeorgie
27%
PPat
27%
RRob
27%
TTyler
27%
CCasey
25%
VVic
25%
BBlake
24%
JJesse
24%
LLee
24%
MMatt
24%
LLeslie
22%
LLou
22%
MMax
22%
MMorgan
22%
DDrew
20%
KKim
20%
SStevie
20%
TTony
20%
AAli
19%
HHarley
19%
PParker
19%
AAlexis
17%
AAngel
17%
CCarter
17%
FFinley
17%
HHayden
17%
KKelly
17%
DDakota
15%
NNat
15%
NNicki
15%
PPeyton
15%
AAndie
14%
DDana
14%
EEmerson
14%
RRobin
14%
SSydney
14%
EEddie
12%
EEllis
12%
MMarion
12%
MMarley
12%
RRiver
12%
SSkyler
12%
EEden
10%
EElliot
10%
MMacKenzie
10%
PPhoenix
10%
RReese
10%
RRowan
10%
LLondon
8%
SSpencer
8%
EEmery
7%
RRemi
7%
ZZion
7%
AAriel
5%
BBertie
5%
DDallas
5%
HHaven
5%
JJustice
5%
RRandi
5%
RRylan
5%
SSage
5%
SSawyer
5%
KKendall
3%
TTatum
3%
FFreddy
2%
LLyric
2%
AArmari
0%
BBaliey
0%
GGabbie
0%
HHilary
0%
JJerrie
0%
MMeredith
0%
SSandie
0%

Score Distribution

Percentile by Number Answered

Percent of People with Each Score

Your Score History

You have not taken this quiz since the last reset